000 00974pam a2200301 a 4500
001 3368461
003 OSt
005 20140310181650.0
008 870831s1988 nyu j 000 1 eng
010 _a 87025206
020 _a0590422448
_c$12.95
040 _aDLC
_cDLC
_dDLC
042 _alcac
050 0 0 _aPZ 7
_b.M379 1988
082 0 0 _aKF
_bM36t 1988
100 1 _aMartin, Ann M.,
_d1955-
_95263
245 1 0 _aTen kids, no pets /
_cAnn M. Martin.
250 _a1st ed.
260 _aNew York :
_bNew York
_cc1988.
300 _a174 p. ;
_c22 cm.
520 _aThe ten Rosso children, spaced a year apart and named alphabetically, find their life rambunctious and exciting when their family leaves New York City for a big old farmhouse and new friends.
541 _j1
562 _e1
650 1 _aFamily life
_xFiction.
_95264
650 1 _aCountry life
_xFiction.
_95265
906 _a7
_bcbc
_corignew
_d1
_eocip
_f19
_gy-gencatlg
942 _2lcc
_cBK-KF
_kKF
999 _c981
_d981